|
|
|
|
| LEADER |
00000nab a2200000 a 4500 |
| 001 |
vtls000908056 |
| 003 |
SK-MaSNL |
| 005 |
20260305042900.0 |
| 008 |
040720e20010926xo 0 slo |
| 035 |
|
|
|a KE16991
|
| 040 |
|
|
|a KEVKJB
|b slo
|c KEVKJB
|e AACR2
|
| 041 |
0 |
|
|a slo
|
| 044 |
|
|
|a xo
|c SK
|
| 080 |
|
|
|a 393
|2 1981
|
| 080 |
|
|
|a 929
|2 1981
|
| 245 |
0 |
0 |
|a Starosta Ing. Jozef Pavelka pracoval do poslednej chvíle
|
| 590 |
|
|
|a Pavelka, Jozef 1962-2001
|b starosta MČ Ťahanovce
|
| 600 |
1 |
7 |
|a Pavelka, Jozef, 1962-2001
|2 KEVKJB
|9 229983
|
| 650 |
0 |
7 |
|a úmrtie
|2 KEVKJB
|9 3886
|
| 650 |
0 |
7 |
|a nekrológy
|2 KEVKJB
|9 28957
|
| 651 |
|
7 |
|a Ťahanovce (Košice I, Slovensko)
|2 KEVKJB
|9 168684
|
| 651 |
|
7 |
|a Košice (Slovensko)
|2 KEVKJB
|9 18694
|
| 651 |
|
7 |
|a KE,
|2 KEVKJB
|9 877256
|
| 655 |
|
7 |
|a periodikum
|2 snkbucl
|9 29553
|
| 700 |
0 |
|
|a Starosta
|4 iní
|9 1562194
|
| 773 |
0 |
8 |
|t Košický denník Korzár
|g Roč. 4, č.221, 26.9.2001, s. 2
|x 1335-4566
|
| 852 |
|
|
|a ZVYKNI
|b KIS3GCP
|
| 999 |
|
|
|c 3351539
|d 3353469
|